| 000 | 00484nam a2200181 a 4500 | ||
|---|---|---|---|
| 001 | 3953 | ||
| 005 | 20140414131931.0 | ||
| 008 | 040107s19uu xx 00 eng d | ||
| 020 | _a1-902947-73-8 | ||
| 050 |
_aREF 912 _bF37 2000 |
||
| 100 | _aFarndon, John | ||
| 245 |
_aGeography / : _cJohn Farndon. _b1000 things we should know about / |
||
| 260 |
_bMiles Kelly, _c2000. |
||
| 300 | _a61 p. ; cm. | ||
| 440 | _a | ||
| 650 |
_aGeography _xJuvenile literature. |
||
| 999 |
_c112214 _d112214 |
||